Changing Educational Pathways and Economic Activity. Time and Space Aspects in Slovakiaand Economic Activity. Time and Space Aspects in Slovakia after 1989

Empirický pohľad na zmeny v edukačných vzorcoch na Slovensku, z pohľadu priestorového i štruktúrneho. Regionálny pohľad je realizovaný na úrovni LAU-I, teda na úrovni okresov. Rozdiely vo fázovaní ekonomickej aktivity vo vzťahu k (meniacim) sa edukačným komponentom životného cyklu, čo súvisí aj so z...

Description complète

Enregistré dans:
Détails bibliographiques
Auteur principal: Szabo, Michal
Autres auteurs: Bleha, Branislav
Format: Chapitre de livre
Langue:anglais
Sujets:
Tags: Ajouter un tag
Pas de tags, Soyez le premier à ajouter un tag!

MARC

LEADER 00000naa a2200000 4500
001 0249467
005 20221104111320.6
041 0 |a eng 
044 |a SK 
245 1 0 |a Changing Educational Pathways and Economic Activity. Time and Space Aspects in Slovakiaand Economic Activity. Time and Space Aspects in Slovakia after 1989  |c Michal Szabo, Branislav Bleha 
520 |a Empirický pohľad na zmeny v edukačných vzorcoch na Slovensku, z pohľadu priestorového i štruktúrneho. Regionálny pohľad je realizovaný na úrovni LAU-I, teda na úrovni okresov. Rozdiely vo fázovaní ekonomickej aktivity vo vzťahu k (meniacim) sa edukačným komponentom životného cyklu, čo súvisí aj so zmenami, posunmi reprodukčnej stratégie (teda z pohľadu demografického). 
610 2 0 |a vzdelávanie 
610 2 0 |a demografia 
610 2 0 |a aktivita spoločenská 
610 2 0 |a aktivita hospodárska 
610 2 0 |a Slovensko 
610 2 0 |a regióny 
100 1 |a Szabo, Michal 
700 1 |a Bleha, Branislav